| 000 | 00722cam a22002291 4500 | ||
|---|---|---|---|
| 001 | ca 34000856 | ||
| 003 | DLC | ||
| 005 | 20260227111132.0 | ||
| 008 | 810815s1933 xx af 000 0 eng | ||
| 010 | _aca 34000856 | ||
| 035 | _a(OCoLC)14724792 | ||
| 040 |
_aDLC _cDNLM _dDLC |
||
| 042 | _apremarc | ||
| 050 | 0 | 0 |
_aQM549 _b.M25 |
| 060 | 0 |
_aWE 880 _bM114h 1933 |
|
| 100 | 1 | _aMcAllister, John. | |
| 245 | 1 | 4 |
_aThe human foot; _cespecially prepared for the Coward shoe co., New York, N. Y. Compiled by John McAllister, M. D. |
| 260 |
_a[New York, _cc1933] |
||
| 300 |
_acover-title, 3 p. l., 35 numb. l., 5 l. _bill., plates. |
||
| 500 | _aMimeographed; some of the plates are numbered. | ||
| 710 | 2 | _aCoward shoe co. | |
| 999 |
_c17385 _d17385 |
||